Accessibility denied. understanding inaccessibility and everyday resistance to inclusion for persons with disabilities / (Record no. 615055)

000 -LEADER
fixed length control field 03431cam a2200409 i 4500
001 - CONTROL NUMBER
control field 22025704
005 - DATE AND TIME OF LATEST TRANSACTION
control field 20251006133717.0
008 - FIXED-LENGTH DATA ELEMENTS--GENERAL INFORMATION
fixed length control field 210506s2022 enk b 001 0 eng
010 ## - LIBRARY OF CONGRESS CONTROL NUMBER
LC control number 2021021223
020 ## - INTERNATIONAL STANDARD BOOK NUMBER
International Standard Book Number 9780367637286
Qualifying information (hardback)
035 ## - SYSTEM CONTROL NUMBER
System control number 22025704
040 ## - CATALOGING SOURCE
Original cataloging agency DLC
Language of cataloging eng
Description conventions rda
Transcribing agency DLC
Modifying agency DLC
042 ## - AUTHENTICATION CODE
Authentication code pcc
043 ## - GEOGRAPHIC AREA CODE
Geographic area code ev-----
050 00 - LIBRARY OF CONGRESS CALL NUMBER
Classification number HV1559.S34
Item number A23 2022
082 00 - DEWEY DECIMAL CLASSIFICATION NUMBER
Classification number 305.9080948
Edition number 23
Author Mark ACC
245 00 - TITLE STATEMENT
Title Accessibility denied. understanding inaccessibility and everyday resistance to inclusion for persons with disabilities /
Statement of responsibility, etc. edited by Hanna Egard, Kristofer Hansson and David Wästerfors.
264 #1 - PRODUCTION, PUBLICATION, DISTRIBUTION, MANUFACTURE, AND COPYRIGHT NOTICE
Place of production, publication, distribution, manufacture London ;
-- New York :
Name of producer, publisher, distributor, manufacturer Routledge Taylor & Francis Group,
Date of production, publication, distribution, manufacture, or copyright notice 2022.
300 ## - PHYSICAL DESCRIPTION
Extent x, 218 pages ;
Dimensions 24 cm.
336 ## - CONTENT TYPE
Content type term text
Content type code txt
Source rdacontent
337 ## - MEDIA TYPE
Media type term unmediated
Media type code n
Source rdamedia
338 ## - CARRIER TYPE
Carrier type term volume
Carrier type code nc
Source rdacarrier
490 0# - SERIES STATEMENT
Series statement Interdisciplinary disability studies
504 ## - BIBLIOGRAPHY, ETC. NOTE
Bibliography, etc. note Includes bibliographical references and index.
520 ## - SUMMARY, ETC.
Summary, etc. "This book explores the societal resistance to accessibility for persons with disabilities, and tries to set an example of how to study exclusion in a time when numerous policies promise inclusion. With 11 chapters organised in three parts, the book takes a comprehensive approach to accessibility, covering transport and communication, knowledge and education, law and organisation. Topics within a wide cross-disciplinary field are covered, including disability studies, social work, sociology, ethnology, social anthropology, and history. The main example is Sweden, with its implementation of the United Nations Convention on the Rights of Persons with Disabilities within the context of the Nordic welfare state. By identifying and discussing persistent social and cultural conditions as well as recurring situations and interactions that nurture resistance to advancing accessibility, despite various strong laws promoting it, the book's conclusions are widely transferable. It argues for the value of alternating between methods, theoretical perspectives, and datasets to explore how new arenas, resources and technologies cause new accessibility concerns - and possibilities - for persons living with impairments. We need to be able to follow actors closely to uncover how they feel, act, and argue, but also to connect to wider discursive and institutional patterns and systems. This book will be of interest to scholars and students of disability studies, social work, sociology, ethnology, social anthropology, political science, and organization studies"--
Assigning source Provided by publisher.
650 #0 - SUBJECT ADDED ENTRY--TOPICAL TERM
Topical term or geographic name entry element People with disabilities
Geographic subdivision Scandinavia.
9 (RLIN) 130908
650 #0 - SUBJECT ADDED ENTRY--TOPICAL TERM
Topical term or geographic name entry element Discrimination against people with disabilities
Geographic subdivision Scandinavia.
9 (RLIN) 130909
650 #0 - SUBJECT ADDED ENTRY--TOPICAL TERM
Topical term or geographic name entry element Sociology of disability
Geographic subdivision Scandinavia.
9 (RLIN) 130910
650 #0 - SUBJECT ADDED ENTRY--TOPICAL TERM
Topical term or geographic name entry element Social inclusion
Geographic subdivision Scandinavia.
9 (RLIN) 130911
700 1# - ADDED ENTRY--PERSONAL NAME
Personal name Egard, Hanna,
Relator term editor.
9 (RLIN) 130912
700 1# - ADDED ENTRY--PERSONAL NAME
Personal name Hansson, Kristofer,
Dates associated with a name 1976-
Relator term editor.
9 (RLIN) 130913
700 1# - ADDED ENTRY--PERSONAL NAME
Personal name Wästerfors, David,
Relator term editor.
9 (RLIN) 130914
776 08 - ADDITIONAL PHYSICAL FORM ENTRY
Relationship information Online version:
Title Accessibility denied. understanding inaccessibility and everyday resistance to inclusion for persons with disabilities
Place, publisher, and date of publication Abingdon, Oxon ; New York, NY : Routledge, 2022
International Standard Book Number 9781003120452
Record control number (DLC) 2021021224
906 ## - LOCAL DATA ELEMENT F, LDF (RLIN)
a 7
b cbc
c orignew
d 1
e ecip
f 20
g y-gencatlg
942 ## - ADDED ENTRY ELEMENTS (KOHA)
Source of classification or shelving scheme
Koha item type Book
Holdings
Withdrawn status Lost status Source of classification or shelving scheme Damaged status Not for loan Permanent Location Current Location Shelving location Date acquired Total Checkouts Full call number Barcode Date last seen Price effective from Koha item type
          Central Library (CL) Central Library (CL) Lincoln Corner 10/06/2025   305.9080948 ACC LC-501 10/06/2025 10/06/2025 Book
© 2023 Central Library, National University of Sciences and Technology. All Rights Reserved.